00843nam a2200241 a 450000100060000000300090000600800410001502000150005604000280007108200180009910000280011724501280014525000080027326000260028130000080030749000120031550500920032765000510041965000340047065000260050465000280053070000430055823973CO-ViMGA141112s2004 ck r 000 u spa d a843422139X aCO-ViMGAbspacCO-ViMGA04aI 372.5 G153a1 aGalera i Bassachs, Anna10aActividades creativas para la educación infantil / cAnna Galera i Bassachs, Monica Martini i Garbayo, Isabel Sanz Muelas a7¬ aEspaña : bparramon a5v. aManitas av. 1. Primavera - - v. 2. Otoño - - v. 3. Verano - - v. 4. Invierno - - v. 5. Fiestas14a2 : ACTIVIDADES CREATIVAS Y TRABAJOS DE CLASE 14a3 : educación PREEESCOLAR 14a4 : TRABAJOS MANUALES14aeducación DE NIÑOS 1 aMartini i Garbayo, Monica, Sanz Muelas